K poznaniu fauny Collembola v hniezdach cicavcov z Vysokých Tatier

Bibliographic Details
Main Author: Hrivnák, Ľubomír, biológ (Author)
Format: Article
Language:Slovak
Subjects:

MARC

LEADER 00000nab a2200000 a 4500
001 vtls000039696
003 SK-MaSNL
005 20260304071043.0
008 250422c1979 xo 0 slo
015 |a SNBRB19rr/mm-uuuuu 
035 |a CL0049791 
035 |a urn:nbn:sk:snk-abb80w 
035 |a (urnnbn)urn:nbn:sk:snk:ar-000pza 
035 |a (uuid)2c2904c5-23c2-44d0-98f8-8e32457ed123 
040 |a SNKBUCL  |b slo  |c SNKBUCL  |e AACR2 
041 0 |a slo 
044 |a xo  |c SK 
080 |a 595  |2 1981 
080 |a 591.5  |2 1981 
100 1 |a Hrivnák, Ľubomír,  |c biológ  |4 aut  |9 1348102 
245 1 0 |a K poznaniu fauny Collembola v hniezdach cicavcov z Vysokých Tatier  |c Ľubomír Hrivnák 
300 |b Obr. 2. Tb. 2. Res. angl., rus. 
650 0 7 |a chvostoskoky  |2 snkbucl  |9 117262 
651 7 |a Vysoké Tatry (Poľsko a Slovensko : pohorie)  |2 SNKPHgeo  |9 67729 
655 7 |a štúdie  |2 snkbucl  |9 57033 
773 0 |t Biológia  |g Roč. 34, č. 5 (1979), s. 377-383 
850 |a Slovenská národná knižnica 
852 |a Slovenská národná knižnica 
954 |a odborná, vedecká literatúra pôvodná (slovenská)  |2 lita 
958 |a article15 
958 |a RK 
958 |a OND 
958 |a EUIPO 
992 |a RBX 
999 |c 2758708  |d 2760638